LEADER 00907nab a2200145 i 4500 001 000000290651 003 CaOOAMICUS 005 20170301000000.0 008 170301n xx uu u0 0und r 013 $a45719 040 $aSeMil$bita 245 10$aEl, Yahweh, and Elohim :$bThe Evolution of God in Israel and its Theological Implications ; The Bible in Jewish-Christian Dialogue : A Jewish Perspective ; The Bible as a Document of the Church : A personal View. - Titoli principali dalla copertina. 500 $aMARCH 2017. 773 0 $t[October 2016-September 2017].$dLondon : SAGE Publications, copyr. 2016-2017.$w()251265 996 $6245$aEl, Yahweh, and Elohim :$bThe Evolution of God in Israel and its Theological Implications ; The Bible in Jewish-Christian Dialogue : A Jewish Perspective ; The Bible as a Document of the Church : A personal View. - Titoli principali dalla copertina.$9(OLS)http://semarc/title/414655 LEADER 00852nam a2200229 4500 001 000000337618 003 CaOOAMICUS 005 20191030000000.0 008 191030s1998 xxk 000 u eng r 020 $a0-14-027415-4 040 $aSeMil$bita 100 1 $aKerouac, Jack <1922-1969>.$0(OLS)http://semarc/name/22143 245 10$aOn the road /$cJack Kerouac. 264 1$aLondon :$bPenguin Books,$c[1998] 300 $a290 p. ;$c18 cm 830 2$aA Penguin books. Fiction.$0(OLS)http://semarc/title/401556 850 $aSeMil 852 $aSeMil$W1$xVenegono$y1$m1V V 331$j217915$B229194$CSeMilBibl$Z2$F229194 $81 996 $6020$a0-14-027415-4$9(OLS)http://semarc/number/289080 996 $6245$aOn the road$9(OLS)http://semarc/title/426602 996 $6264$aLondon :$bPenguin Books$9(OLS)http://semarc/publisher/34330